1970 1440 1401 1886 1964 1806 1319 1548 1829 1602 1759 1396 1994 1092 1009 1215 1626 1482 1705 1490 1484 1813 1199 1891 1740 1457 1137 1547 1201 1538 1771 1191 1407 1424 1040 1781 1210 1328 1956 1438 1712 1193 1747 1979 1379 1159 1268 1547 1022 1789 1886 1588 1163 1505 1135 1814 1837 1696 1747 1531 1190 1276 1040 1135 1795 1126 1493 1776 1630 1776 1223 1612 1596 1643 1982 1469 1865 1630 1569 1968 1689 1043 1808 1838 1099 1203 1202 1382 1121 1140 1200 1274 1353 1970 1669 1285 1031 1539 1147 BCNSPRNW ULIB Ver.6.0+V

เปลี่ยนเป็นภาษาไทย

Change to English
 แสดงรายละเอียดบรรณานุกรม
  กลับหน้าหลัก

Brief Record : Get Marc (ISO 2709) : E-mail record : QR code < ปิดหน้าต่าง
LEADER : 00000nam 2200000uu 4500
001    13399108292
003     ULIB
008    110227s2549||||th 000 0 tha d
020    9745732923
060 04 WY20.5^bร759ก 2549
100 0  เรณา พงษ์เรืองพันธุ์
245 10 การวิจัยทางการพยาบาล /^cเรณา พงษ์เรืองพันธุ์, ประสิทธิ์พงษ์เรืองพันธุ์
260    ชลบุรี :^bคณะพยาบาลศาสตร์ มหาวิทยาลัยบูรพา,^c2549
300    ญ, 286 หน้า ;^c29 ซม.
650  7 การพยาบาล^xวิจัย
650  7 พยาบาล^xวิจัย
700 0  ประสิทธิ์ พงษ์เรืองพันธุ์
710 2  มหาวิทยาลัยบูรพา. ^bคณะพยาบาลศาสตร์
945    ^p240^l0^i17967
945    ^p240^l0^i17965
945    ^p240^l0^i17964
945    ^p240^l0^i17963
945    ^p240^l0^i15286
945    ^p240^l0^i17966
945    ^p240^l0^i14120
995    เกษร
999    ^aใช้งานได้ทุกระบบ
รายการนี้ยังไม่มีแท็ก
คุณยังไม่ได้ล็อกอิน คุณสามารถมีกิจกรรมร่วมกับเว็บไซต์ได้ แต่ต้องล็อกอินก่อน ::
  ล็อกอิน

รายการสื่อสารสนเทศ

ลำดับที่ ประเภท เลขเรียก/บาร์โค้ด สถานที่ สถานะ
1. Book การพยาบาล
Book การพยาบาล
WY20.5 ร759ก 2549 ฉ.1 
  Barcode: 14120
ห้องสมุดวิทยาเขตนครสวรรค์
►ส่วนจัดเก็บหนังสือเก่า นว.
บนชั้น
  ขอยืม
2. Book การพยาบาล
Book การพยาบาล
สถานะ=หนังสือเก่า
WY20.5 ร759ก 2549 ฉ.2 
  Barcode: 15286
ห้องสมุดวิทยาเขตนครสวรรค์
►หนังสือทั่วไป:l:General Books
บนชั้น
3. Book การพยาบาล
Book การพยาบาล
สถานะ=หนังสือเก่า
WY20.5 ร759ก 2549 ฉ.3 
  Barcode: 17963
ห้องสมุดวิทยาเขตนครสวรรค์
►หนังสือทั่วไป:l:General Books
บนชั้น
4. Book การพยาบาล
Book การพยาบาล
สถานะ=หนังสือเก่า
WY20.5 ร759ก 2549 ฉ.4 
  Barcode: 17964
ห้องสมุดวิทยาเขตนครสวรรค์
►หนังสือทั่วไป:l:General Books
บนชั้น
5. Book การพยาบาล
Book การพยาบาล
สถานะ=หนังสือเก่า
WY20.5 ร759ก 2549 ฉ.5 
  Barcode: 17965
ห้องสมุดวิทยาเขตนครสวรรค์
►หนังสือทั่วไป:l:General Books
บนชั้น
6. Book การพยาบาล
Book การพยาบาล
สถานะ=หนังสือเก่า
WY20.5 ร759ก 2549 ฉ.6 
  Barcode: 17966
ห้องสมุดวิทยาเขตนครสวรรค์
►หนังสือทั่วไป:l:General Books
บนชั้น
7. Book การพยาบาล
Book การพยาบาล
WY20.5 ร759ก 2549 ฉ.7 
  Barcode: 17967
ห้องสมุดวิทยาเขตนครสวรรค์
►หนังสือทั่วไป:l:General Books
บนชั้น

BibComment


ยังไม่เคยถูกคอมเมนท์

คอมเมนท์ทรัพยากรรายการนี้
  คอมเมนท์: การวิจัยทางการพยา..


 Copyright 2026. Bcnsprnw @Library